000 00859cam a2200265 i 4500
001 3183095
005 20180302041934.0
008 760318s1953 ilu b 001 0 eng
010 _a 76352376
_z 76352377
020 _a0226064913 (pbk.)
020 _a0226064905
040 _aDLC
_cDLC
_dDLC
041 _aeng
043 _an-us---
051 _aJA84.U5
_bB6 1962b
_cAnother impression. "Tenth impression, 1969"--Verso of t.p.
051 _a321
_bB6 1962c
_cAnother impression. "Eleventh impression, 1973"--Verso of t.p. Second series has variant title: A Phoenix book ; P27.
080 _a321
082 _2321 BOO
100 1 _a19
101 _aSHP
245 1 4 _aThe genius of American politics /
_cby Daniel J. Boorstin.
504 _aBibliography: p. 191-194.
906 _a7
_bcbc
_corignew
_d4
_encip
_f19
_gy-gencatlg
942 _2ddc
_cBK
999 _c43966
_d43966